| 000 | 00469nam a22001937a 4500 | ||
|---|---|---|---|
| 003 | MPLRDC | ||
| 005 | 20220104160528.0 | ||
| 008 | 210129b ||||| |||| 00| 0 eng d | ||
| 020 | _a988-21-1186-6 | ||
| 082 | _a848.3 LBH-68 | ||
| 100 | _a李碧华 | ||
| 245 |
_a红耳坠 _c |
||
| 250 | _a三版 | ||
| 260 |
_a香港 _b天地图书有限公司 _c2005 |
||
| 300 | _b平 | ||
| 490 | _a李碧华作品系列 | ||
| 650 | _a现代别集 | ||
| 942 |
_cBK _o848.3 LBH-68 |
||
| 999 |
_c55027 _d55017 |
||